000 00658nam a22002177a 4500
005 20250913094733.0
008 250913b |||||||| |||| 00| 0 eng d
020 _a9789358493436
040 _aIN-DiNC
_cIN-DiNC
041 _deng
082 _a370.54
_bDEK
100 _aDeka, Nabanita
_eauthor
245 _aDevelopment of education in pre independent India (Major9)/
_cby Nabanita Deka, Lokman Ali and Dimpal Khatiwora
250 _a1st ed.
260 _aDibrugarh:
_bBanalata,
_c2025.
300 _a580p.
650 _aEducation in pre independent India
700 _aAli, Lokman
_eauthor
700 _aKhatiwora, Dimpal
_eauthor
942 _2ddc
_cBK
999 _c12264
_d12264